Hurray for diwali! / (Record no. 100996)

MARC details
000 -LEADER
fixed length control field 00907nam a22002177a 4500
010 ## - LCCN (DPL NO)
LC control number 1617CH-EN
020 ## - INTERNATIONAL STANDARD BOOK NUMBER
International Standard Book Number 9788176212007
Terms of availability 250.00
035 ## - SYSTEM CONTROL NUMBER
System control number B-643938-947
035 ## - SYSTEM CONTROL NUMBER
System control number B-665001
037 ## - SOURCE OF ACQUISITION
Stock number DPL
Source of stock number/acquisition BBB/Ven.
082 ## - DEWEY DECIMAL CLASSIFICATION NUMBER
Classification number S
100 ## - MAIN ENTRY--PERSONAL NAME
Personal name Thapan, Anita Raina
245 ## - TITLE STATEMENT
Title Hurray for diwali! /
Statement of responsibility, etc by Anita Raina Thapan; illustrated by Alankrita
260 ## - PUBLICATION, DISTRIBUTION, ETC. (IMPRINT)
Name of publisher, distributor, etc Tota Books
Date of publication, distribution, etc 2015
Place of publication, distribution, etc New Delhi
270 ## - ADDRESS
Address J-40, Jorbagh Lane,
City New Delhi
Postal code 110003
300 ## - PHYSICAL DESCRIPTION
Extent v.p.
Dimensions 23cm(pbk)
700 ## - ADDED ENTRY--PERSONAL NAME
Personal name Alankrita
942 ## - ADDED ENTRY ELEMENTS (KOHA)
Source of classification or shelving scheme Dewey Decimal Classification
Item type Children Books
Call number suffix THA
Classification part S
Holdings
Withdrawn status Lost status Not for loan Collection code Home library Current library Date acquired Source of acquisition Cost, normal purchase price Full call number Barcode Copy number Cost, replacement price Koha item type
      Fiction Ashok Vihar Ashok Vihar 18/08/2017 BPPD/CH/EN/2016-17/AV/16-17/441/15.2.2017/IN16119/27.2.2017 7.3.2017 250.00 S THA B-665001 1 250.00 Children Books
      Fiction Central Library Central Library 03/01/2017 BPPD/CH/EN/2016-17/228/24.8.2016/IN15502/7.9.2016/4.11.2016 250.00 S THA B-643940 1 250.00 Children Books
      Fiction Janak Puri Janak Puri 03/01/2017 BPPD/CH/EN/2016-17/228/24.8.2016/IN15502/7.9.2016/4.11.2016 250.00 S THA B-643942 1 250.00 Children Books
      Fiction Karol Bagh Karol Bagh 03/01/2017 BPPD/CH/EN/2016-17/228/24.8.2016/IN15502/7.9.2016/4.11.2016 250.00 S THA B-643945 1 250.00 Children Books
      Fiction Mobile Library Mobile Library 03/01/2017 BPPD/CH/EN/2016-17/228/24.8.2016/IN15502/7.9.2016/4.11.2016 250.00 S THA B-643938 2 250.00 Children Books
      Fiction Mobile Library Mobile Library 03/01/2017 BPPD/CH/EN/2016-17/228/24.8.2016/IN15502/7.9.2016/4.11.2016 250.00 S THA B-643939 2 250.00 Children Books
      Fiction Narela Narela 03/01/2017 BPPD/CH/EN/2016-17/228/24.8.2016/IN15502/7.9.2016/4.11.2016 250.00 S THA B-643946 1 250.00 Children Books
      Fiction Patel Nagar Patel Nagar 03/01/2017 BPPD/CH/EN/2016-17/228/24.8.2016/IN15502/7.9.2016/4.11.2016 250.00 S THA B-643941 1 250.00 Children Books
      Fiction R.K.Puram-8 R.K.Puram-8 03/01/2017 BPPD/CH/EN/2016-17/228/24.8.2016/IN15502/7.9.2016/4.11.2016 250.00 S THA B-643944 1 250.00 Children Books
      Fiction Sarojini Nagar Sarojini Nagar 03/01/2017 BPPD/CH/EN/2016-17/228/24.8.2016/IN15502/7.9.2016/4.11.2016 250.00 S THA B-643943 1 250.00 Children Books
      Fiction Shahdara Branch Shahdara Branch 03/01/2017 BPPD/CH/EN/2016-17/228/24.8.2016/IN15502/7.9.2016/4.11.2016 250.00 S THA B-643947 1 250.00 Children Books

© Delhi Public Library
Hit Counter
free hit counter